Movies Quiz

Random Movies or Role Quiz
Score 0/20 Timer 04:00
0 Plays Today
Question Answer Wrong Answers
Forrest Gump Tom Hanks
94.8%
Woody Harrelson
0.6%
Tom Hardy
0.2%
Chris Hemsworth
0.4%
Big Tom Hanks
93.5%
Woody Harrelson
1.4%
Tom Hardy
0.9%
Chris Hemsworth
0.7%
The Green Mile Tom Hanks
93.1%
Woody Harrelson
1.5%
Tom Hardy
1%
Chris Hemsworth
0.4%
Thor Chris Hemsworth
89.7%
Tom Hanks
0.6%
Woody Harrelson
1.6%
Tom Hardy
4.3%
White Men Can't Jump Woody Harrelson
86.5%
Tom Hanks
3.1%
Tom Hardy
4%
Chris Hemsworth
2.3%
Zombieland Woody Harrelson
85.6%
Tom Hanks
1%
Tom Hardy
5.4%
Chris Hemsworth
4.2%
Natural Born Killers Woody Harrelson
85.5%
Tom Hanks
2.6%
Tom Hardy
5.5%
Chris Hemsworth
2.1%
The Dark Knight Rises Tom Hardy
85.1%
Tom Hanks
1.4%
Woody Harrelson
2.9%
Chris Hemsworth
7%
A League of Their Own Tom Hanks
82.6%
Woody Harrelson
7.7%
Tom Hardy
3%
Chris Hemsworth
2.7%
Mad Max: Fury Road Tom Hardy
82%
Tom Hanks
1%
Woody Harrelson
5%
Chris Hemsworth
7.9%
Snow White and the Huntsman Chris Hemsworth
81.2%
Tom Hanks
1.2%
Woody Harrelson
3.5%
Tom Hardy
9.8%
Three Billboards Outside Ebbing, Missouri Woody Harrelson
79.6%
Tom Hanks
3.5%
Tom Hardy
8.1%
Chris Hemsworth
4.3%
The Revenant Tom Hardy
78.6%
Tom Hanks
4.8%
Woody Harrelson
7.3%
Chris Hemsworth
5.1%
Bridge of Spies Tom Hanks
78.1%
Woody Harrelson
5%
Tom Hardy
8.3%
Chris Hemsworth
4.5%
Inception Tom Hardy
77%
Tom Hanks
4.4%
Woody Harrelson
8.2%
Chris Hemsworth
6.3%
Men in Black: International Chris Hemsworth
74.8%
Tom Hanks
1.7%
Woody Harrelson
5.8%
Tom Hardy
13.5%
The Hunger Games Woody Harrelson
73.7%
Tom Hanks
0.6%
Tom Hardy
8%
Chris Hemsworth
13.6%
Black Hawk Down Tom Hardy
60.8%
Tom Hanks
7.3%
Woody Harrelson
14.3%
Chris Hemsworth
13.2%
Rush Chris Hemsworth
60.3%
Tom Hanks
4.3%
Woody Harrelson
12.5%
Tom Hardy
18.7%
The Cabin in the Woods Chris Hemsworth
58.3%
Tom Hanks
2.8%
Woody Harrelson
14.4%
Tom Hardy
20.1%

You're not logged in!

Compare scores with friends on all Sporcle quizzes.
OR
Log In

Sporcle TV

Today on Sporcle TV


Watch our educational content, quiz creation guides, and fun videos on Sporcle TV.

Show Comments

Extras

Top Quizzes Today


Score Distribution

Paid Content

Your Account Isn't Verified!

In order to create a playlist on Sporcle, you need to verify the email address you used during registration. Go to your Sporcle Settings to finish the process.

Report this User

Report this user for behavior that violates our Community Guidelines.

Details: